000 00535nam a2200193 4500
003 OSt
005 20240624015628.0
006 a
008 240624b |||||||| |||| 00| 0 eng d
020 _a9789719120100
040 _aDWCL-Main lib.
_cOC
082 _aFil. 692.5 T125e 2002
100 _aTagayun, Vicente A.
245 _aEstimating bill of materials /
260 _aManila :
_bTagayun Associates,
_cc2002.
300 _bvarious paging : ill. ;
_c27 cm.
650 _a1. Building-Estimates.
942 _2ddc
_n0
_cBK - FIL
_kFil.
999 _c1180
_d1180